000 00374nam a2200145Ia 4500
008 230917s9999||||xx |||||||||||||| ||und||
040 _e104161
_aMAIN
041 _aEnglish
082 _a515.35 E46C
100 _aEriksson, K
245 0 _aComputational differential equations
260 _aCambridge
_bCambridge University Press
_c1996
300 _a538 p.
942 _cBK
999 _c117669
_d117669